Alterglobalization via the inclusive circular economy paradigm
Ekonomické imperatívy alterglobalizácie z hľadiska rôznych vedeckých škôl. Myšlienka samo-stabilizácie voľného trhu v kontexte vykonávania Washingtonského konsenzu. Základné kritické poznámky k procesom globalizácie, najmä na javy odlivu kapitálu a nekonkurencieschopnosti ako faktorov ich odlišností...
Salvato in:
| Autore principale: | |
|---|---|
| Altri autori: | , , |
| Natura: | Capitolo di libro |
| Lingua: | inglese |
| Soggetti: | |
| Tags: |
Nessun Tag, puoi essere il primo ad aggiungerne!!
|
MARC
| LEADER | 00000naa a2200000 4500 | ||
|---|---|---|---|
| 001 | 0257245 | ||
| 005 | 20190729124736.7 | ||
| 041 | 0 | |a eng | |
| 044 | |a UA | ||
| 245 | 1 | 0 | |a Alterglobalization via the inclusive circular economy paradigm |c Andriy Krysovatyy, Anatoly Mokiy, Roman Zvarych, Iryna Zvarych |
| 520 | |a Ekonomické imperatívy alterglobalizácie z hľadiska rôznych vedeckých škôl. Myšlienka samo-stabilizácie voľného trhu v kontexte vykonávania Washingtonského konsenzu. Základné kritické poznámky k procesom globalizácie, najmä na javy odlivu kapitálu a nekonkurencieschopnosti ako faktorov ich odlišností. Trend smerom k globalizácii medzinárodných trhov, ktorý vedie k zásadnému rozporu, v ktorom nerovnosť spojená s týmto trhom prispieva k zvyšovaniu nerovnosti v rozvojovom svete. Negatívne aspekty súčasného modelu hospodárskej globalizácie charakterizované ostrými konfliktami medzi rôznymi aktérmi globálnych medzinárodných vzťahov. | ||
| 610 | 2 | 0 | |a globalizácia |
| 610 | 2 | 0 | |a kapitál |
| 610 | 2 | 0 | |a stabilizácia trhu |
| 610 | 2 | 0 | |a konkurencieschopnosť |
| 610 | 2 | 0 | |a trh voľný |
| 610 | 2 | 0 | |a trh medzinárodný |
| 610 | 2 | 0 | |a vzťahy medzinárodné |
| 610 | 2 | 0 | |a paradigma |
| 100 | 1 | |a Krysovatyy, Andriy | |
| 700 | 1 | |a Mokiy, Anatoly | |
| 700 | 1 | |a Zvarych, Roman | |
| 700 | 1 | |a Zvarych, Iryna | |